000 01004nam a2200325 c 4500
001 16302
003 ES-MaCES
005 20190511040029.0
008 040324s2004 sp d s o000 | spa d
017 _aM 6307-2004
_bDL
020 _a844910601X
024 7 _a251-04-024-X
_2nipo
035 _aCES20040004622m
040 _aES-MaCES
_bspa
_cES-MaCES
245 0 3 _aLa alimentación en España, 2002
260 _aMadrid
_bDirección General de Alimentación
_c2004
300 _a638 p.
_bgráf. col.
_c24 cm
541 _cGratuito
650 4 _aalimentación
_928658
650 4 _aconsumo alimentario
_928671
650 4 _aEspaña
_926964
650 4 _adatos estadísticos
_930765
650 4 _a2002
_936519
653 1 0 _aEstadísticas sectoriales
710 1 _aEspaña
_bDirección General de Alimentación
_eed.
_92772
787 0 _tLa alimentación en España, 2003
_w(ES-MaCES)17443
902 _aLIB Libro
942 _2CES
_cBK
_h8.3.
999 _c16302
_d16302